000 00384nam a2200145 a 4500
005 20140412111426.0
008 090627s19uu xx 00 eng d
020 _a1-85997-761-8
050 _aM 793.7
_bW89 2002
245 _a500 puzzles and games.
260 _aWest Sussex :
_bAutmn publishing ltd,
_c2002.
300 _a1v. unp.
440 _aFun time for kids
999 _c106241
_d106241